Sanat - "Nocturne" - Statistics

Yleistilastot
  • Tätä visaa on pelattu 152 kertaa
  • Keskiarvotulos 51 / 105
Vastaustilastot
Vastaus % Oikein
laulu
88%
korvissani
86%
Ruislinnun
84%
on
83%
täysi
81%
päällä
80%
kuu
77%
tähkäpäiden
77%
En
73%
en
73%
ma
73%
onni
73%
omanani
72%
huokaa
66%
Kesäyön
66%
mulle
63%
tuokaa
63%
iloitse
59%
mutta
59%
sure
59%
laakso
58%
vie
58%
metsän
56%
tie
56%
enää
53%
ja
53%
kaskisavuun
53%
verhouu
53%
aja
52%
tummuus
52%
virvatulta
52%
mi
50%
nukkuu
50%
sydämeni
48%
teen
48%
kesäheinä
47%
laulun
47%
neiti
47%
niistä
47%
Sulle
47%
laulan
45%
veen
45%
tupaan
44%
varjot
44%
onnen
42%
Edessäni
41%
hukkuu
41%
kulta
41%
päivä
41%
säveleinä
41%
suuri
41%
Tuoksut
41%
vanamon
41%
elon
39%
hiljaisuus
39%
piiri
39%
soipa
39%
tuntemattomahan
39%
tuulisen
39%
Uskontoni
39%
hämäräinen
38%
ympär
38%
johon
36%
tuuliviiri
36%
onpa
34%
Puunto
34%
vaaran
34%
aika
33%
kädessäni
33%
seisoo
33%
mun
31%
pilven
31%
siinto
31%
Pienentyy
28%
uus
28%
tammenlehväseppel
23%
vehryt
23%
Ehtoja vastaavia visoja ei löytynyt
Tulosjakauma
Jokaisen tuloksen saaneiden osuus
Persentiili vastausten määrän mukaan
Tuloshistoriasi
Et ole pelannut tätä visaa